|
|
|
|
| LEADER |
01347nam a2200409 4500 |
| 001 |
DLU110127281 |
| 005 |
##20111028 |
| 008 |
##950410m19951999flua b 001 0 eng |
| 010 |
# |
# |
|a 95017139
|
| 020 |
# |
# |
|a 0849325196 (v. 1 : alk. paper)
|
| 020 |
# |
# |
|a 0849325293 (v. 2 : alk. paper)
|
| 020 |
# |
# |
|a 0849325390 (v. 3 : alk. paper)
|
| 035 |
# |
# |
|9 (DLC) 95017139
|
| 040 |
# |
# |
|a DLC
|c DLC
|d DLC
|
| 082 |
# |
# |
|a 005.1
|b Pra
|
| 245 |
# |
# |
|a Practical handbook of genetic algorithms.
|n t.II /
|c edited by Lance Chambers.
|
| 246 |
# |
# |
|a Genetic algorithms
|
| 260 |
# |
# |
|a Boca Raton :
|b CRC Press,
|c c1995-c1999.
|
| 300 |
# |
# |
|a 1 v. :
|b ill. ;
|c 21x30 cm.
|
| 500 |
# |
# |
|a Computer disk accompanies v. 1.
|
| 504 |
# |
# |
|a Includes bibliographical references and indexes.
|
| 505 |
# |
# |
|a v. 1. Applications -- v. 2. New frontiers -- v. 3. Complex coding systems.
|
| 538 |
# |
# |
|a System requirements for accompanying computer disk: Macintosh; PC.
|
| 650 |
# |
# |
|a Genetic algorithms.
|
| 700 |
# |
# |
|a Chambers, Lance.
|
| 856 |
# |
# |
|3 Publisher description
|u http://www.loc.gov/catdir/enhancements/fy0744/95017139-d.html
|
| 923 |
# |
# |
|a 01/2011CT
|
| 991 |
# |
# |
|a GT
|
| 992 |
# |
# |
|a 0
|
| 994 |
# |
# |
|a KCT
|
| 900 |
# |
# |
|a True
|
| 911 |
# |
# |
|a Đào Thị Thu Huyền
|
| 925 |
# |
# |
|a G
|
| 926 |
# |
# |
|a A
|
| 927 |
# |
# |
|a SH
|
| 980 |
# |
# |
|a Thư viện Trường Đại học Đà Lạt
|